Datum a čas kvízu
17
Celkem bodů
Celkový počet nahraných bodů na tomto kvízu bez doplňovacích otázek.
8.
Pořadí na kvízu
Konečné umístění týmu na tomto kvízu.
Zaznamenané odpovědi
| # | Otázka | Odpověď | Body | Výsledky |
|---|---|---|---|---|
| 1. | V posledních týdnech se do Čes... | spalničky | 0 | |
| 2. | Nepálské úřady minulý týden oz... | C) pytlíkem na výkaly | 1 | |
| 3. | Městské divadlo v Brně v sobot... | Bílá Voda | 0 | |
| 4. | Firma Google minulý týden přej... | Gemini | 0 | |
| 5. | Jako soupeři české reprezentac... | Gruzie | 1 | |
| 6. | Vítězné téma facebookového hla... | 1D 2B 3A 4C | 0 | |
| 7. | Dne 18. dubna 1997 byli odsouz... | Orličtí vrazi | 0 | |
| 8. | Říká vám něco jméno herečky Šá... | Irenka (Irena) | 0 | |
| 9. | Kolik tlačítek má na své předn... | tři | 0 | |
| 10. | Ke kterému městu se v souvislo... | Vsetín | 1 |